• 首页
  • 本馆介绍
  • 公告通知
  • 最新文献
  • 馆藏检索
  • 电子资源
  • 读者导购
  • 参考咨询
  • 我的图书馆
  • 登录
  • 详细信息显示
  • 放入我的书架
  • 预约/预借图书
  • 作者相关作品
  • 分类相关作品
  • 丛书相关作品
  • 出版社相关作品

书目信息

  • 表格格式
  • 工作单格式
  • 卡片格式
题名:
德伯家的苔丝
    
 
作者: 哈代 , 菲茨杰拉德 著 ;尚金龙 译
分册:  
出版信息: 北京   中国华侨出版社  2016
页数: 352页
开本: 29cm
丛书名: 世界名著典藏
单 册:
中图分类: I561.44 , I712.45
科图分类:
主题词: 长篇小说--英国--近代 , 长篇小说--美国--现代
电子资源:
ISBN: 978-7-5113-6201-8
000 01132oam2 2200301 45
001 012001002100
005 20140926114740.0
010    @a978-7-5113-6201-8@dCNY59.80
100    @a20170427d2016 em y0chiy50 ea
101 0  @achi
102    @aCN@b110000
105    @ay z 000yy
106    @ar
200 1  @a德伯家的苔丝@9de bo jia de tai si@f(英)托马斯·哈代著@c夜色温柔@f(美)菲茨杰拉德著@g尚金龙等译
210    @a北京@c中国华侨出版社@d2016
215    @a352页@d29cm
225 2  @a世界名著典藏
330    @a《德伯家的苔丝》和《夜色温柔》是英语文学中最伟大的作品,前者描写了一个被侮辱的乡村姑娘苔丝的悲惨遭遇,后者真实地讲述了一个出身卑微、卓尔不群的青年对富有梦幻色彩的理想的追求,本次译文语言流畅,精彩传神,是帮助读者阅读的范本。
461  0 @12001 @a世界名著典藏
606 0  @a长篇小说@y英国@z近代
606 0  @a长篇小说@y美国@z现代
690    @aI561.44@v5
690    @aI712.45@v5
701  1 @c(英)@a哈代@9ha dai@gHardy, Thomas@f1840-1928@4著
701  1 @c(美)@a菲茨杰拉德@9fei ci jie la de@4著
702  0 @a尚金龙@9shang jin long@4译
801  0 @aCN@b上海新华@c20180901
905    @b1160091-5@dI561.44@e943@f5
    
    德伯家的苔丝/(英)托马斯·哈代著.夜色温柔/(美)菲茨杰拉德著/尚金龙等译.-北京:中国华侨出版社,2016
    352页;29cm.-(世界名著典藏)
    
    
    ISBN 978-7-5113-6201-8:CNY59.80
    《德伯家的苔丝》和《夜色温柔》是英语文学中最伟大的作品,前者描写了一个被侮辱的乡村姑娘苔丝的悲惨遭遇,后者真实地讲述了一个出身卑微、卓尔不群的青年对富有梦幻色彩的理想的追求,本次译文语言流畅,精彩传神,是帮助读者阅读的范本。
●
相关链接 在E读中查询图书 在五车中查询图书 在当当中查询图书 在豆瓣中查询图书


正题名:德伯家的苔丝     索取号:I561.44/943         预约/预借

序号 登录号 条形码 馆藏地/架位号 状态 备注
1 1160091   211600917   第一样本阅览室/ [索取号:I561.44/943] 在馆    
2 1160092   211600926   第二借阅区/ [索取号:I561.44/943] 在馆    
3 1160093   211600935   第二借阅区/ [索取号:I561.44/943] 在馆    
4 1160094   211600944   密集书库-文学院/ [索取号:I561.44/943] 在馆    
5 1160095   211600953   第二借阅区/ [索取号:I561.44/943] 在馆    
唐山师范学院图书馆 欢迎您!
大连网信软件有限公司© 版权所有